[Event "Women's Speed Chess Q4"]
[Site "chess.com INT"]
[Date "2020.06.21"]
[Round "1"]
[White "Grigoryan, Meri"]
[Black "Sukandar, Irine Kharisma"]
[Result "0-1"]
[WhiteTitle "WFM"]
[BlackTitle "IM"]
[WhiteElo "2044"]
[BlackElo "2413"]
[WhiteFideId "13300571"]
[BlackFideId "7101937"]
[EventDate "2020.06.21"]

1. d4 Nf6 2. Nf3 e6 3. Bg5 Be7 4. e3 b6 5. c4 Bb7 6. Nc3 h6 7. Bxf6 Bxf6 8. Bd3
O-O 9. O-O d5 10. Re1 Nd7 11. Rc1 c5 12. cxd5 exd5 13. Bb1 Re8 14. Qc2 g6 15.
Rcd1 cxd4 16. exd4 Rc8 17. Qb3 Rxe1+ 18. Rxe1 Nf8 19. Ne5 Ne6 20. Qd1 Bxe5 21.
Rxe5 Qf6 22. Nxd5 Bxd5 23. Rxd5 Nxd4 24. h3 Rc1 25. Rxd4 Rxd1+ 26. Rxd1 Qxb2 27.
g3 b5 28. Kg2 a5 29. Rd8+ Kg7 30. Be4 Qxa2 31. Bd5 Qb2 32. Rd7 Qf6 33. Ra7 Qf5
34. Bf3 b4 35. g4 Qc5 36. Rb7 a4 37. h4 a3 38. h5 gxh5 39. gxh5 0-1

[Event "Women's Speed Chess Q4"]
[Site "chess.com INT"]
[Date "2020.06.21"]
[Round "1"]
[White "Shafigullina, Zarina"]
[Black "Vaishali, R"]
[Result "0-1"]
[WhiteTitle "WFM"]
[BlackTitle "WGM"]
[WhiteElo "2296"]
[BlackElo "2393"]
[WhiteFideId "24174220"]
[BlackFideId "5091756"]
[EventDate "2020.06.21"]

1. d4 Nf6 2. Nf3 g6 3. g3 Bg7 4. Bg2 c5 5. O-O cxd4 6. Nxd4 d5 7. c4 O-O 8. cxd5
Nxd5 9. Nb3 Nb4 10. Na3 N8c6 11. Rb1 Qxd1 12. Rxd1 Nxa2 13. Bxc6 bxc6 14. Bd2
Rb8 15. Na5 Rxb2 16. Nxc6 Rxb1 17. Rxb1 Bf6 18. e4 Bd7 19. Nxa7 Ra8 20. N3b5 Rb8
21. Kg2 Bd4 22. Be3 Bxa7 23. Bxa7 Rxb5 24. Ra1 Nb4 25. Bd4 f6 26. f4 Nc2 27.
Ra8+ Kf7 28. Bf2 Bc6 29. Rc8 Bxe4+ 30. Kh3 Rh5+ 0-1

[Event "Women's Speed Chess Q4"]
[Site "chess.com INT"]
[Date "2020.06.21"]
[Round "1"]
[White "Martynkova, Olena"]
[Black "Sharmin, Samiha Shimmi"]
[Result "1-0"]
[WhiteTitle "WIM"]
[BlackTitle "WCM"]
[WhiteElo "2222"]
[BlackElo "1812"]
[WhiteFideId "14134039"]
[BlackFideId "10203087"]
[EventDate "2020.06.21"]

1. d4 d5 2. c4 e6 3. Nf3 c5 4. cxd5 exd5 5. g3 Nc6 6. Bg2 Nf6 7. O-O Be7 8. dxc5
Bxc5 9. Qc2 Be7 10. Nc3 O-O 11. Rd1 a6 12. e4 d4 13. Nd5 Nxd5 14. exd5 Nb4 15.
Qe4 f5 16. Qe2 d3 17. Qf1 Qxd5 18. a3 Nc2 19. Rxd3 Qb5 20. Rb1 Rd8 21. Rxd8+
Bxd8 22. Qd1 Nxa3 23. Qxd8+ Kf7 24. Ng5+ Kg6 25. Qd6+ Kh5 26. Bf3# 1-0

[Event "Women's Speed Chess Q4"]
[Site "chess.com INT"]
[Date "2020.06.21"]
[Round "1"]
[White "Ziegenfuss, Antonia"]
[Black "Hejazipour, Mitra"]
[Result "0-1"]
[WhiteTitle "WFM"]
[BlackTitle "WGM"]
[WhiteElo "2101"]
[BlackElo "2300"]
[WhiteFideId "12962554"]
[BlackFideId "12505951"]
[EventDate "2020.06.21"]

1. d4 Nf6 2. c4 e6 3. Nc3 Bb4 4. f3 c5 5. d5 d6 6. e4 O-O 7. Bd3 a6 8. Ne2 exd5
9. cxd5 b5 10. O-O c4 11. Bc2 Bc5+ 12. Kh1 Qb6 13. Bg5 Nbd7 14. Qe1 Be3 15. Bxe3
Qxe3 16. Ng3 Qxe1 17. Rfxe1 Nc5 18. h3 Bd7 19. f4 b4 20. Nce2 Rfe8 21. Nd4 a5
22. Rad1 a4 23. Nf3 Re7 24. e5 Ne8 25. Nd4 g6 26. Nf3 a3 27. bxa3 Rxa3 28. Bb1
Na4 29. Ne4 Nc3 30. Nxc3 Rxc3 31. Nd2 Ba4 32. Rc1 Rxc1 33. Rxc1 c3 34. Nc4 Bb5
35. Nxd6 Nxd6 36. exd6 Rd7 37. a3 Rxd6 38. axb4 Rxd5 39. Rxc3 Rd1+ 40. Kh2 Rxb1
41. Rc8+ Kg7 42. Rb8 Rxb4 43. Kg3 h5 0-1

[Event "Women's Speed Chess Q4"]
[Site "chess.com INT"]
[Date "2020.06.21"]
[Round "1"]
[White "Martsynovskaya, Marina"]
[Black "Janzelj, Lara"]
[Result "0-1"]
[WhiteTitle "WIM"]
[BlackTitle "WIM"]
[WhiteElo "2046"]
[BlackElo "2210"]
[WhiteFideId "609218"]
[BlackFideId "14608391"]
[EventDate "2020.06.21"]

1. e4 d6 2. Nc3 Nf6 3. d4 e5 4. dxe5 dxe5 5. Qxd8+ Kxd8 6. Bg5 Be6 7. Nf3 Nd7 8.
O-O-O Kc8 9. h3 c6 10. a3 Kc7 11. Bh4 Bd6 12. Ng5 Rhf8 13. f3 Rae8 14. Nxe6+
Rxe6 15. Bc4 Ree8 16. Rd2 Bc5 17. Rd3 b5 18. Ba2 Nh5 19. Rhd1 Nb6 20. Ne2 f6 21.
g4 Nf4 22. Nxf4 exf4 23. c3 a5 24. b4 axb4 25. axb4 Be3+ 26. Kc2 Ra8 27. Bb3
Rfe8 28. Be1 Re7 29. Bd2 Nc4 30. Bxc4 bxc4 31. Rxe3 fxe3 32. Bxe3 Ra2+ 33. Kb1
Re2 34. Bf4+ Kb6 35. Rd2 Rxd2 36. Bxd2 Kb5 37. Kc2 Rd7 38. f4 Rd3 39. e5 fxe5
40. fxe5 Rd5 41. Bf4 g5 42. Bh2 Rd3 43. Bg1 Rg3 44. Bd4 Rg2+ 45. Kd1 Ra2 46. e6
Ra8 47. e7 Re8 48. Bf6 h6 49. Ke2 c5 50. bxc5 Kxc5 51. h4 gxh4 52. Bxh4 Kd5 53.
g5 Rxe7+ 54. Kd2 h5 55. Bg3 Ke4 56. Bf2 Kf3 57. Bd4 h4 58. g6 h3 59. g7 Rxg7 60.
Bxg7 h2 0-1

[Event "Women's Speed Chess Q4"]
[Site "chess.com INT"]
[Date "2020.06.21"]
[Round "1"]
[White "Sihite, Chelsie Monica Ignesias"]
[Black "Goh, Jie Yi"]
[Result "1-0"]
[WhiteTitle "WIM"]
[BlackTitle "WCM"]
[WhiteElo "2252"]
[BlackElo "1743"]
[WhiteFideId "7101198"]
[BlackFideId "5710049"]
[EventDate "2020.06.21"]

1. c4 e6 2. Nf3 f5 3. g3 Nf6 4. Bg2 Be7 5. O-O O-O 6. b3 d6 7. Bb2 e5 8. d4 e4
9. Nfd2 Qe8 10. e3 Qg6 11. Nc3 a6 12. Rc1 Nc6 13. a3 Qh6 14. Nd5 Bd8 15. b4 Ne7
16. Nxf6+ Rxf6 17. Qe2 Qg5 18. f3 exf3 19. Nxf3 Qh5 20. Rf2 Rh6 21. Nh4 Qf7 22.
e4 Qe6 23. d5 Qf7 24. Rcf1 Bd7 25. exf5 Rf6 26. Bxf6 Qxf6 27. Qe4 Kh8 28. Rf4
Ng8 29. Re1 Be7 30. Nf3 Qf7 31. g4 Re8 32. Qb1 Rf8 33. Nd4 Bf6 34. Ne6 Rc8 35.
g5 Be5 36. Rh4 Qe7 37. Rf1 Bxe6 38. fxe6 g6 39. Qxg6 1-0

[Event "Women's Speed Chess Q4"]
[Site "chess.com INT"]
[Date "2020.06.21"]
[Round "1"]
[White "Kairbekova, Amina"]
[Black "Arakhamia-Grant, Ketevan"]
[Result "0-1"]
[WhiteTitle "WFM"]
[BlackTitle "GM"]
[WhiteElo "2065"]
[BlackElo "2380"]
[WhiteFideId "13712799"]
[BlackFideId "13600168"]
[EventDate "2020.06.21"]

1. e4 c5 2. Nf3 Nc6 3. d4 cxd4 4. Nxd4 e5 5. Nb5 d6 6. N1c3 a6 7. Na3 Be7 8. Nc4
b5 9. Ne3 Nf6 10. Ncd5 O-O 11. Bd3 Nxd5 12. Nxd5 Bg5 13. O-O Bxc1 14. Qxc1 Ne7
15. c4 bxc4 16. Bxc4 Bb7 17. b3 Kh8 18. Rd1 f5 19. exf5 Nxf5 20. Qd2 Qh4 21. Rf1
Rae8 22. Nc7 Rc8 23. Ne6 Rf6 24. Ng5 h6 25. Nf7+ Kh7 26. f4 e4 27. Rac1 Rxc4 28.
Rxc4 Rxf7 29. g3 Qh3 30. Qe2 e3 31. Rd1 Nxg3 32. hxg3 Qh1# 0-1

[Event "Women's Speed Chess Q4"]
[Site "chess.com INT"]
[Date "2020.06.21"]
[Round "1"]
[White "Nikulina, Alena"]
[Black "Ismayil, Malak"]
[Result "1-0"]
[WhiteTitle "WFM"]
[BlackTitle "WCM"]
[WhiteElo "1887"]
[BlackElo "1997"]
[WhiteFideId "4172051"]
[BlackFideId "13412604"]
[EventDate "2020.06.21"]

1. e4 e5 2. Nf3 Nc6 3. Bc4 Bc5 4. c3 Nf6 5. d4 exd4 6. e5 d5 7. Bb5 Ne4 8. cxd4
Bb4+ 9. Bd2 Bxd2+ 10. Nbxd2 O-O 11. O-O Bg4 12. Bxc6 bxc6 13. Qc2 Bxf3 14. Nxf3
Rb8 15. b3 Rb6 16. Rac1 h6 17. Nd2 Nxd2 18. Qxd2 f6 19. f4 Qe7 20. Qa5 a6 21.
Qc5 Qe8 22. Rce1 fxe5 23. fxe5 Rxf1+ 24. Rxf1 Rb5 25. Qc3 Qe6 26. b4 Rb6 27. a3
Rb8 28. Rc1 Rb6 29. Qc5 Qg4 30. Rf1 Kh7 31. Qc2+ Kg8 32. Qf2 Rb8 33. Qf7+ Kh8
34. e6 Qxd4+ 35. Kh1 Qe4 36. e7 Rg8 37. h3 d4 38. Qxg8+ Kxg8 39. Rf8+ Kh7 40.
e8=Q 1-0

[Event "Women's Speed Chess Q4"]
[Site "chess.com INT"]
[Date "2020.06.21"]
[Round "1"]
[White "Balabayeva, Xeniya"]
[Black "Vidruska, Renate"]
[Result "1-0"]
[WhiteTitle "WFM"]
[BlackTitle "WFM"]
[WhiteElo "2146"]
[BlackElo "2045"]
[WhiteFideId "13719688"]
[BlackFideId "11601841"]
[EventDate "2020.06.21"]

1. e4 c6 2. d4 d5 3. Nd2 dxe4 4. Nxe4 Bf5 5. Ng3 Bg6 6. h4 h6 7. Nf3 Nd7 8. h5
Bh7 9. Bd3 Bxd3 10. Qxd3 e6 11. Bd2 Ngf6 12. O-O-O Bd6 13. Ne4 Nxe4 14. Qxe4 Nf6
15. Qe2 Qc7 16. Kb1 O-O-O 17. c4 c5 18. Bc3 a6 19. d5 exd5 20. cxd5 Rhe8 21. Qc2
Ng4 22. Bxg7 f6 23. Qg6 Nxf2 24. Bxf6 Nxh1 25. Bxd8 Rxd8 26. Rxh1 Bf4 27. Rd1
Kb8 28. Qe4 Bd6 29. Nh4 Be5 30. Nf5 Re8 31. g4 Qf7 32. Qc4 Bd4 33. Nxd4 cxd4 34.
Qxd4 Qf3 35. d6 Rd8 36. d7 Qg3 37. Qb6 Qc7 38. Qxh6 Rxd7 39. Qf8+ Ka7 40. Qf2+
b6 41. Rxd7 Qxd7 42. Qe2 Qh7+ 43. Kc1 Qc7+ 44. Kd1 Qd6+ 45. Ke1 Qb4+ 46. Kf1
Qf8+ 47. Kg2 Qf7 48. b3 Qd5+ 49. Kg3 Qd6+ 50. Kh4 Qf6+ 51. Kh3 Qc3+ 52. Kg2 Qc6+
53. Qf3 Qc2+ 54. Kh3 Qxa2 55. h6 Qa1 56. h7 Qh8 57. Qf5 a5 58. g5 Qc3+ 59. Kh4
Qd4+ 60. Kh5 Qg7 61. g6 Ka6 62. Qf7 Qe5+ 63. Kh6 Qe3+ 64. Kg7 Qd4+ 65. Kg8 Qd8+
66. Qf8 Qd6 67. Qxd6 1-0

[Event "Women's Speed Chess Q4"]
[Site "chess.com INT"]
[Date "2020.06.21"]
[Round "1"]
[White "Berend, Elvira"]
[Black "Belenkaya, Dina"]
[Result "1-0"]
[WhiteTitle "WGM"]
[BlackTitle "WGM"]
[WhiteElo "2326"]
[BlackElo "2297"]
[WhiteFideId "4000510"]
[BlackFideId "24142654"]
[EventDate "2020.06.21"]

1. d4 Nf6 2. c4 c5 3. d5 e5 4. Nc3 d6 5. e4 Be7 6. Bd3 Nbd7 7. Nge2 h5 8. h3 h4
9. Ng1 Nf8 10. Nf3 Ng6 11. Be3 Nh5 12. Qa4+ Bd7 13. Qb3 Qc8 14. a4 Nhf4 15. Bf1
O-O 16. a5 f5 17. Nd2 Rb8 18. exf5 Bxf5 19. Nde4 Kh8 20. Qd1 Bxe4 21. Nxe4 Qf5
22. Qb1 b5 23. axb6 Rxb6 24. Rxa7 Rfb8 25. Ra2 Rb3 26. Qc2 Bg5 27. Kd1 Be7 28.
Kc1 Bf8 29. Nc3 Qxc2+ 30. Kxc2 Be7 31. Nb5 Rb4 32. Bd2 Nxd5 33. cxd5 R4xb5 34.
Bxb5 Rxb5 35. Ra8+ Kh7 36. Ra7 Bf6 37. g3 c4 38. Ra5 Rb6 39. Rha1 e4 40. Bc3 Ne5
41. Ra6 Rb3 42. R1a3 Nd3 43. R3a4 Bxc3 44. Rxc4 Rxb2+ 45. Kxc3 Rxf2 46. Rxd6 Rf3
47. Kd4 Nf2 48. gxh4 Rd3+ 49. Kc5 e3 50. Re6 Rb3 51. d6 Nd3+ 52. Kd4 e2 53. Rxe2
Nf4 54. Rd2 Ne6+ 55. Kd5 Re3 56. d7 Nd8 57. Kd6 Nf7+ 58. Kc7 Re7 59. Kc8 Re5 1-0

[Event "Women's Speed Chess Q4"]
[Site "chess.com INT"]
[Date "2020.06.21"]
[Round "1"]
[White "Mahalakshmi, M"]
[Black "Frattini, Beatriz Maria"]
[Result "1/2-1/2"]
[WhiteTitle "WIM"]
[BlackTitle "WCM"]
[WhiteElo "2253"]
[BlackElo "1868"]
[WhiteFideId "5001080"]
[BlackFideId "22715002"]
[EventDate "2020.06.21"]

1. d4 Nf6 2. Bf4 g6 3. e3 Bg7 4. Nf3 O-O 5. Nbd2 d5 6. Bd3 c6 7. O-O Bg4 8. h3
Bxf3 9. Nxf3 Nbd7 10. c4 dxc4 11. Bxc4 Nb6 12. Bb3 Nbd5 13. Bg3 Ne4 14. Bh2 a5
15. Nd2 Nxd2 16. Qxd2 a4 17. Bc4 b5 18. Be2 a3 19. b4 Nb6 20. Rfc1 Qd7 21. Rab1
e5 22. Bf3 Rac8 23. Qc3 exd4 24. Qxa3 Nc4 25. Qd3 Rfd8 26. Rd1 Qe7 27. exd4 Rxd4
28. Qe2 Rxd1+ 29. Rxd1 Qxb4 30. Bxc6 Qb2 31. Qf3 Qxa2 32. Bxb5 Qc2 33. Bf4 Ne5
34. Qe2 Qxe2 35. Bxe2 h5 36. Rd5 Nc6 37. Rd7 Ne5 38. Rd5 Nc6 39. Rd7 Ne5 40. Rd5 1/2-1/2

[Event "Women's Speed Chess Q4"]
[Site "chess.com INT"]
[Date "2020.06.21"]
[Round "1"]
[White "Sviridova, Vlada"]
[Black "Babiy, Olga"]
[Result "0-1"]
[WhiteTitle "WFM"]
[BlackTitle "WGM"]
[WhiteElo "2144"]
[BlackElo "2228"]
[WhiteFideId "24109606"]
[BlackFideId "14117258"]
[EventDate "2020.06.21"]

1. d4 d5 2. c4 dxc4 3. Nf3 a6 4. a4 Nf6 5. e3 Bg4 6. Bxc4 e6 7. h3 Bh5 8. Nc3
Nc6 9. Be2 Be7 10. O-O O-O 11. b3 Bd6 12. Bb2 Qe8 13. e4 Rd8 14. Qd2 Bxf3 15.
Bxf3 Nxd4 16. Qd1 Be5 17. Kh1 c5 18. Rc1 Qe7 19. Ba3 b6 20. Nb1 Bf4 21. Rc4 Nb5
22. Qc2 Nxa3 23. Nxa3 Nd7 24. g3 Bb8 25. Qe2 Ne5 26. Rc2 Rd3 27. Bg2 Rxb3 28.
Nb1 Nc6 29. Qxa6 Nb4 30. Qc4 Rd3 31. Rd2 Rfd8 32. Rxd3 Rxd3 33. Na3 Rxa3 34. Rd1
g6 35. Qb5 Be5 36. Qxb6 Bd4 37. a5 Nd3 38. Rf1 Nxf2+ 39. Kh2 Nd3 40. a6 Nb4 41.
Qb8+ Kg7 42. Rd1 Nxa6 43. Qb5 Nc7 44. Qc4 Qd6 45. Qc1 Qxg3+ 46. Kh1 Ra2 47. Rd2
Be3 48. Rd3 0-1

[Event "Women's Speed Chess Q4"]
[Site "chess.com INT"]
[Date "2020.06.21"]
[Round "1"]
[White "Michelle Catherina, P"]
[Black "Danielian, Elina"]
[Result "0-1"]
[WhiteTitle "WIM"]
[BlackTitle "GM"]
[WhiteElo "2176"]
[BlackElo "2407"]
[WhiteFideId "5005736"]
[BlackFideId "13300210"]
[EventDate "2020.06.21"]

1. e4 d6 2. d4 Nf6 3. Nc3 c6 4. Be3 b5 5. Bd3 Nbd7 6. Nf3 Qc7 7. O-O a6 8. Re1
e5 9. dxe5 dxe5 10. a4 b4 11. Ne2 Bc5 12. Ng3 O-O 13. Nf5 Bxe3 14. Rxe3 Nc5 15.
Nd2 Bxf5 16. exf5 Rad8 17. Qe2 Rfe8 18. Re1 h6 19. h3 Nxa4 20. Nc4 Rd5 21. Nxe5
Nxb2 22. Bxa6 Na4 23. Ng4 Rxe3 24. Nxf6+ gxf6 25. Qxe3 Re5 26. Qg3+ Kh7 27. Re4
Nc5 28. Rg4 Re1+ 29. Kh2 Qxg3+ 30. Kxg3 Nxa6 31. Rc4 c5 32. c3 b3 0-1

[Event "Women's Speed Chess Q4"]
[Site "chess.com INT"]
[Date "2020.06.21"]
[Round "1"]
[White "Thipsay, Bagyashree Sathe"]
[Black "Mamedjarova, Turkan"]
[Result "1-0"]
[WhiteTitle "WIM"]
[BlackTitle "WGM"]
[WhiteElo "2072"]
[BlackElo "2309"]
[WhiteFideId "5001013"]
[BlackFideId "13402005"]
[EventDate "2020.06.21"]

1. e4 e5 2. Nf3 Nc6 3. Bc4 Bc5 4. d3 Nf6 5. c3 d6 6. Bb3 a6 7. Nbd2 O-O 8. h3
Be6 9. Nf1 d5 10. Qe2 h6 11. g4 dxe4 12. dxe4 Bxb3 13. axb3 Qd7 14. Ng3 Rad8 15.
g5 hxg5 16. Bxg5 Be7 17. Nf5 Qe6 18. Rg1 g6 19. N3h4 Nh7 20. Bh6 Rfe8 21. Ng7
Qf6 22. Nxe8 Qxh4 23. Be3 Rxe8 24. Qc4 Nf8 25. O-O-O Bd6 26. Bg5 Qxh3 27. Rh1
Qg4 28. Rdg1 Qe6 29. Qe2 Be7 30. Be3 Qxb3 31. Qh5 Bf6 32. Bc5 Bg7 33. Bxf8 gxh5
34. Bxg7 Ne7 35. Rxh5 Ng6 36. Bf6 Kf8 37. Rgh1 1-0

[Event "Women's Speed Chess Q4"]
[Site "chess.com INT"]
[Date "2020.06.21"]
[Round "1"]
[White "Girya, Olga"]
[Black "Kovacs, Klara"]
[Result "1-0"]
[WhiteTitle "WGM"]
[BlackTitle "WIM"]
[WhiteElo "2469"]
[BlackElo "2154"]
[WhiteFideId "4195752"]
[BlackFideId "733210"]
[EventDate "2020.06.21"]

1. d4 Nf6 2. Nf3 e6 3. c4 d5 4. Nc3 Be7 5. Bf4 O-O 6. e3 Nbd7 7. Be2 c5 8. cxd5
Nxd5 9. Nxd5 exd5 10. O-O Bf6 11. b3 cxd4 12. Nxd4 Ne5 13. Rc1 a6 14. h3 Bd7 15.
Bxe5 Bxe5 16. Nf3 Bf6 17. Qxd5 Bc6 18. Qxd8 Raxd8 19. Rfd1 Bb2 20. Rb1 Bf6 21.
Ne1 Be4 22. Bd3 Bc6 23. Nc2 b5 24. Nd4 Bxd4 25. exd4 g6 26. Rbc1 Rd6 27. Rc5
Rfd8 28. Be2 Be4 29. f3 Bf5 30. d5 Be6 31. dxe6 Rxd1+ 32. Bxd1 Rxd1+ 33. Kh2
fxe6 34. Rc6 a5 35. Ra6 a4 36. bxa4 bxa4 37. Rxa4 Kg7 38. Ra7+ Kh6 39. h4 e5 40.
g4 g5 41. Ra6+ Kg7 42. hxg5 e4 43. fxe4 Re1 44. Ra4 Kg6 45. Kg3 Kxg5 46. Ra5+
Kg6 47. Kf4 Rf1+ 48. Ke3 Rg1 49. g5 Rxg5 50. Rxg5+ Kxg5 51. a4 Kg4 52. Kf2 Kf4
53. a5 1-0

[Event "Women's Speed Chess Q4"]
[Site "chess.com INT"]
[Date "2020.06.21"]
[Round "1"]
[White "Schut, Lisa"]
[Black "Shukhman, Anna"]
[Result "1-0"]
[WhiteTitle "WIM"]
[BlackTitle "WCM"]
[WhiteElo "2259"]
[BlackElo "1866"]
[WhiteFideId "1019481"]
[BlackFideId "54180058"]
[EventDate "2020.06.21"]

1. e4 c5 2. Nf3 e6 3. d4 cxd4 4. Nxd4 Nf6 5. Nc3 d6 6. Be3 Be7 7. Qd2 O-O 8. f3
Nc6 9. g4 Nxd4 10. Qxd4 d5 11. g5 Nd7 12. exd5 Bxg5 13. O-O-O exd5 14. Nxd5
Bxe3+ 15. Nxe3 Qa5 16. Kb1 Nf6 17. Rg1 Nh5 18. Bc4 Be6 19. Rxg7+ Nxg7 20. Rg1 f6
21. Qd7 Bf7 22. Nf5 Kh8 23. Nd6 Qc5 24. Nxf7+ Rxf7 25. Qg4 Re7 26. a3 Rc8 27.
Bd3 Rd8 28. h4 h5 29. Qg6 f5 30. Rg5 1-0

[Event "Women's Speed Chess Q4"]
[Site "chess.com INT"]
[Date "2020.06.21"]
[Round "1"]
[White "Shvedova, Alexandra"]
[Black "Zawadzka, Jolanta"]
[Result "0-1"]
[WhiteTitle "WFM"]
[BlackTitle "WGM"]
[WhiteElo "1994"]
[BlackElo "2419"]
[WhiteFideId "54154782"]
[BlackFideId "1122320"]
[EventDate "2020.06.21"]

1. e4 c5 2. Nf3 Nc6 3. d4 cxd4 4. Nxd4 Qc7 5. Nc3 e6 6. Be3 Nf6 7. Qf3 a6 8.
O-O-O Nxd4 9. Bxd4 e5 10. Be3 h6 11. g4 d6 12. Rg1 Be6 13. h4 Rc8 14. Bd3 Nd7
15. g5 h5 16. Qe2 g6 17. Kb1 Bg7 18. Nd5 Bxd5 19. exd5 O-O 20. f4 exf4 21. Bxf4
Ne5 22. Be3 Rfe8 23. Qf2 Qa5 24. Rgf1 Re7 25. Bd2 Qxd5 26. Bc3 Rxc3 27. bxc3 Ng4
28. Qb6 Qe5 29. Qb3 b5 30. Rfe1 Qxe1 31. Rxe1 Rxe1+ 32. Kb2 Ne3 33. Ka3 Nd1 34.
Qd5 Nxc3 35. Qa8+ Kh7 36. Qxa6 d5 37. Bxb5 Rb1 38. Bd3 Bf8+ 0-1

[Event "Women's Speed Chess Q4"]
[Site "chess.com INT"]
[Date "2020.06.21"]
[Round "1"]
[White "Tarini, Goyal"]
[Black "Daulyte-Cornette, Deimante"]
[Result "1-0"]
[WhiteTitle "WFM"]
[BlackTitle "IM"]
[WhiteElo "2164"]
[BlackElo "2400"]
[WhiteFideId "5082749"]
[BlackFideId "12802859"]
[EventDate "2020.06.21"]

1. d4 Nf6 2. c4 b6 3. Nc3 Bb7 4. Bf4 e6 5. e3 Bb4 6. Rc1 O-O 7. Nf3 Ne4 8. Be2
d6 9. O-O Bxc3 10. bxc3 Nd7 11. Nd2 Nxd2 12. Qxd2 f5 13. Bg3 Qg5 14. f3 h5 15.
Bd3 h4 16. Bf4 Qg6 17. h3 Nf6 18. Qf2 Qh5 19. Rce1 g5 20. Bh2 Rae8 21. e4 fxe4
22. fxe4 Nxe4 23. Qe3 Nf6 24. Bc2 Kg7 25. Qd3 g4 26. hxg4 Qxg4 27. Rf2 Be4 28.
Rxe4 Nxe4 29. Qxe4 Qxe4 30. Bxe4 Rxf2 31. Kxf2 Kf6 32. Ke3 e5 33. dxe5+ dxe5 34.
Bg1 Rg8 35. Bf2 Rd8 36. Bxh4+ 1-0

[Event "Women's Speed Chess Q4"]
[Site "chess.com INT"]
[Date "2020.06.21"]
[Round "1"]
[White "Kucharska, Honorata"]
[Black "Zhukova, Natalia"]
[Result "0-1"]
[WhiteTitle "WFM"]
[BlackTitle "GM"]
[WhiteElo "2113"]
[BlackElo "2328"]
[WhiteFideId "1163868"]
[BlackFideId "14101513"]
[EventDate "2020.06.21"]

1. e4 e5 2. Nf3 Nc6 3. Bb5 a6 4. Ba4 Nf6 5. d3 b5 6. Bb3 Bc5 7. O-O h6 8. c3 d6
9. d4 Bb6 10. Bc2 O-O 11. h3 Bb7 12. Re1 Re8 13. d5 Ne7 14. Nbd2 c6 15. dxc6
Bxc6 16. Nf1 Ng6 17. Ng3 Nf4 18. Be3 d5 19. Bxb6 Qxb6 20. exd5 Bxd5 21. Ne4 Rad8
22. Qc1 Nxe4 23. Bxe4 Bxe4 24. Rxe4 Qg6 25. Rxf4 exf4 26. Qxf4 Qc2 27. Ne5 f6
28. Nf3 Qxb2 29. Rc1 Qxa2 30. Nd4 Qd5 31. Ra1 b4 32. Rxa6 bxc3 33. Nf3 c2 0-1

[Event "Women's Speed Chess Q4"]
[Site "chess.com INT"]
[Date "2020.06.21"]
[Round "1"]
[White "Sliwicka, Alicja"]
[Black "Havanecz, Bianka"]
[Result "0-1"]
[WhiteTitle "WIM"]
[BlackTitle "WIM"]
[WhiteElo "2317"]
[BlackElo "2251"]
[WhiteFideId "1150677"]
[BlackFideId "704814"]
[EventDate "2020.06.21"]

1. e4 c5 2. Nf3 d6 3. d4 cxd4 4. Nxd4 Nf6 5. Nc3 a6 6. Nb3 e5 7. Bg5 Be7 8. Qd2
Nbd7 9. O-O-O b5 10. a3 Bb7 11. f3 O-O 12. h4 Bc6 13. g4 Qb6 14. Be3 Qb8 15. Na5
Rc8 16. h5 b4 17. Nxc6 Rxc6 18. axb4 Qxb4 19. Nd5 Nxd5 20. exd5 Qxd2+ 21. Rxd2
Rc7 22. b3 a5 23. Bb5 h6 24. Kd1 Bg5 25. Bxg5 hxg5 26. h6 g6 27. c4 Kh7 28. Ke2
Nc5 29. Rb2 a4 30. b4 Nb3 31. Rd1 Nd4+ 32. Rxd4 exd4 33. Kd3 a3 34. Ra2 Kxh6 35.
Kxd4 f5 36. c5 Rb7 37. Bc6 Rxb4+ 38. Kc3 Rab8 39. Rxa3 dxc5 40. Bd7 Rf4 41. Ra6
Rxf3+ 42. Kc4 fxg4 43. Kxc5 g3 44. Bh3 Rb2 45. d6 g2 46. Ra1 Rxh3 47. d7 Rd3 48.
Kc6 Rc2+ 49. Kb6 Rxd7 50. Rg1 g4 0-1

[Event "Women's Speed Chess Q4"]
[Site "chess.com INT"]
[Date "2020.06.21"]
[Round "1"]
[White "Foisor, Sabina-Francesca"]
[Black "Sedina, Elena"]
[Result "0-1"]
[WhiteTitle "WGM"]
[BlackTitle "IM"]
[WhiteElo "2228"]
[BlackElo "2299"]
[WhiteFideId "1212915"]
[BlackFideId "812153"]
[EventDate "2020.06.21"]

1. d4 d5 2. c4 c6 3. Nf3 Nf6 4. Nbd2 Bf5 5. Nh4 Be6 6. e3 g6 7. Be2 Bg7 8. O-O
O-O 9. Nhf3 h6 10. b3 c5 11. Bb2 Nbd7 12. Rc1 Ne4 13. Nxe4 dxe4 14. Nd2 f5 15.
Qc2 cxd4 16. exd4 Rc8 17. Qb1 Bf7 18. Rfe1 e5 19. d5 Nc5 20. b4 Na4 21. Bd1 Nxb2
22. Qxb2 b5 23. cxb5 Rxc1 24. Qxc1 Qxd5 25. a4 Qd4 26. Nf1 Qxb4 27. Re3 Rd8 28.
Be2 Qxa4 29. Ra3 Qd4 30. Qe3 Bf8 31. Rxa7 Bc5 32. Qxd4 exd4 33. Rc7 Bb4 34. Bc4
Bxc4 35. Rxc4 Ba5 0-1

[Event "Women's Speed Chess Q4"]
[Site "chess.com INT"]
[Date "2020.06.21"]
[Round "1"]
[White "Huda, Maryana"]
[Black "Kashlinskaya, Alina"]
[Result "0-1"]
[WhiteTitle "WGM"]
[BlackTitle "IM"]
[WhiteElo "2128"]
[BlackElo "2494"]
[WhiteFideId "14116553"]
[BlackFideId "4198026"]
[EventDate "2020.06.21"]

1. e4 e6 2. d4 d5 3. Nd2 c5 4. Ngf3 Nc6 5. exd5 exd5 6. Bb5 Qe7+ 7. Qe2 Qxe2+ 8.
Kxe2 a6 9. Bxc6+ bxc6 10. dxc5 Bxc5 11. Nb3 Bd6 12. Be3 Nf6 13. Nc5 Rb8 14. b3
Nd7 15. Nxd7 Bxd7 16. Rad1 O-O 17. Rhe1 f6 18. Kf1 Bg4 19. h3 Bxf3 20. gxf3 Rfd8
21. Rd4 Kf7 22. Red1 a5 23. c4 Bc5 24. R4d3 Bxe3 25. fxe3 Re8 26. Kf2 dxc4 27.
bxc4 Rb2+ 28. R1d2 Reb8 29. c5 Ke7 30. Kg3 Rxd2 31. Rxd2 Rb5 32. Rc2 Ke6 33. e4
Ke5 34. Kg4 g6 35. h4 h5+ 36. Kg3 Kd4 37. Rd2+ Kxc5 0-1

[Event "Women's Speed Chess Q4"]
[Site "chess.com INT"]
[Date "2020.06.21"]
[Round "1"]
[White "Gokbulut, Julia"]
[Black "Goltseva, Ekaterina"]
[Result "0-1"]
[WhiteTitle "WFM"]
[BlackTitle "FM"]
[WhiteElo "1970"]
[BlackElo "2306"]
[WhiteFideId "4153979"]
[BlackFideId "24173770"]
[EventDate "2020.06.21"]

1. d4 Nf6 2. c4 e6 3. Nf3 d5 4. Nc3 dxc4 5. Bg5 a6 6. a4 Nc6 7. e3 Na5 8. Nd2
Qd6 9. Bxc4 Nxc4 10. Nxc4 Qc6 11. Bxf6 gxf6 12. Qe2 Qxg2 13. O-O-O Bd7 14. d5
O-O-O 15. Rdg1 Qh3 16. Rg3 Qh4 17. f4 exd5 18. Nxd5 Bc6 19. e4 Bxd5 20. exd5
Qxf4+ 21. Kb1 Qf5+ 22. Ka1 Qxd5 23. Rf1 Bd6 24. Rgf3 Qc6 25. Qc2 Be5 26. Qb3 Rd4
27. Nxe5 Rxa4+ 28. Kb1 fxe5 29. Rc3 Qe4+ 30. Rc2 Rd8 31. Qxf7 Ra1+ 32. Kxa1 Qxc2
33. Qe6+ Kb8 34. Qxe5 Rd2 35. Rf8+ Ka7 36. Rf1 Rxh2 37. Qe3+ b6 38. Qe5 Re2 39.
Qd4 Re4 40. Qg7 Ra4# 0-1